000 00718nam a2200217 i 4500
001 188566
003 ES-MaACL
005 20230906223235.0
007 t|
008 181220s1969 sp |||| | spa d
100 1 _aLeon-Dufour, Xavier.
_971612
245 1 0 _aEstudios de Evangelio /
_cXavier Leon-Dufour ; [traducción por José López de Castro].
260 _aBarcelona :
_bEstela,
_c1969.
300 _aXXVII, 404 p. ;
_c21 cm.
490 1 _aColección "Theologia" ;
_v15
630 0 4 _aBiblia.
_pN.T.
_pEvangelios-
_xCrítica e interpretación.
_9165820
700 1 _aLópez de Castro, J.
_9165819
830 0 _aColección "Theologia" ;
_v15
_9193093
852 _aES-MaACL
_jP-160-15
999 _c188566
_d188566